00477nam a22001577a 450000500170000001000130001702000240003003500130005403700080006708200120007510000250008724500800011226000400019227000630023230000240029520250204124348.0 aB-761679 a8177696270c5000.00 aB-761679 bBSB a016.420 aVerma, Vimlesh Kanti aStudies on Hindi :ba comprehensive bibliography /cby Vimlesh Kanti Verma. aVaranasibPilgrims Publishingc2007 aB27/98, A-8, Nawabganj Road, Durga Kund,bVaranasie221010 a462p.c21cm ( HB.)